Traditional Indian Costumes & Textiles/ (Record no. 208970)

MARC details
000 -LEADER
fixed length control field 00578nam a22001937a 4500
005 - DATE AND TIME OF LATEST TRANSACTION
control field 20250210160856.0
010 ## - LCCN (DPL NO)
LC control number ENG-143747
020 ## - INTERNATIONAL STANDARD BOOK NUMBER
International Standard Book Number 8182470021
Terms of availability 495.00
035 ## - SYSTEM CONTROL NUMBER
System control number EN-127279
037 ## - SOURCE OF ACQUISITION
Source of stock number/acquisition DBAD
082 ## - DEWEY DECIMAL CLASSIFICATION NUMBER
Classification number 393.00954
100 ## - MAIN ENTRY--PERSONAL NAME
Personal name Mani, Vidya
245 ## - TITLE STATEMENT
Title Traditional Indian Costumes & Textiles/
Statement of responsibility, etc By Parul Bhatnagar
250 ## - EDITION STATEMENT
Edition statement 1
260 ## - PUBLICATION, DISTRIBUTION, ETC. (IMPRINT)
Place of publication, distribution, etc Chandigarh
Name of publisher, distributor, etc Abhishek Publications
Date of publication, distribution, etc 2012(Rep)
270 ## - ADDRESS
Address SCO 57-59, Sector 17 C
City Chandigarh
Telephone number 01725003768
-- 2707562
300 ## - PHYSICAL DESCRIPTION
Extent 97p.
Dimensions 29cm. (Hb)
942 ## - ADDED ENTRY ELEMENTS (KOHA)
Source of classification or shelving scheme Dewey Decimal Classification
Item type English Books
Classification part 393.00954
Call number suffix BHA
Holdings
Withdrawn status Lost status Not for loan Collection code Home library Current library Date acquired Source of acquisition Cost, normal purchase price Full call number Barcode Copy number Cost, replacement price Koha item type
    Not For Loan Reference Central Library Central Library 10/02/2025 Delivery of Books Act Division 495.00 393.00954 BHA EN-127279 1 495.00 English Books

© Delhi Public Library
Hit Counter
free hit counter